3D simulačný model výrobného procesu

Uložené v:
Podrobná bibliografia
Hlavný autor: Juráň, Filip (Autor)
Ďalší autori: Haffner, Oto (Vedúci práce)
Médium: Rukopis Kniha
Jazyk:Slovak
Vydavateľské údaje: 2025
Predmet:
On-line prístup:http://is.stuba.sk/zp/portal_zp.pl?podrobnosti=184914
Tagy: Pridať tag
Žiadne tagy, Buďte prvý, kto otaguje tento záznam!

MARC

LEADER 00000ntm a22000003a 4500
001 stuzp103907
003 SK-STU
005 20250614212337.6
007 ta
008 150427s2015----xo-----f-mn---000-0-slo-d
040 |a STU  |b slo 
041 0 |a slo 
100 1 |a Juráň, Filip  |u 030400  |4 aut  |U FEI Fakulta elektrotechniky a informatiky  |T FEI Ústav automobilovej mechatroniky  |X 104246  |U E400  |Y 642  |7 104246 
242 0 1 |a 3D simulation model of the production process  |y eng 
245 1 0 |a 3D simulačný model výrobného procesu 
260 |c 2025 
650 4 |a digital twin  |2 eng 
650 4 |a 3D modeling  |2 eng 
650 4 |a Plant Simulation  |2 eng 
650 4 |a production simulation  |2 eng 
650 4 |a 3D modelovanie  |2 slo 
650 4 |a Plant Simulation  |2 slo 
650 4 |a simulácia výroby  |2 slo 
650 4 |a digitálne dvojča  |2 slo 
700 1 |a Haffner, Oto  |u 030400  |k Z1  |4 ths  |U FEI Fakulta elektrotechniky a informatiky  |T FEI Ústav automobilovej mechatroniky  |X 56107  |U E400  |Y 642  |7 A000056107 
856 4 |u http://is.stuba.sk/zp/portal_zp.pl?podrobnosti=184914